| 000 | 00358nam a2200133Ia 4500 | ||
|---|---|---|---|
| 008 | 230917s9999||||xx |||||||||||||| ||und|| | ||
| 040 |
_e91020 _aMAIN |
||
| 041 | _aEnglish | ||
| 082 | _a910.091734 D51D | ||
| 100 | _aDalbir Singh | ||
| 245 | 0 | _aDistribution and pattern of rural settlements and Rohtak tehsil (distt Rohtak) | |
| 300 | _a110 p. | ||
| 942 | _cTH | ||
| 999 |
_c86991 _d86991 |
||